000 00531nam a2200205Ia 4500
005 20250923145854.0
008 008 250917s9999 xx 000 0 eng d
037 _aTextual
040 _aDSWL
_beng
_cDSWL
041 _aeng
_2eng
084 _aS5. 2, N39
_qDSWL
100 _aKakar, S.
_9839805
245 0 _aIntimate relations
_c by S. Kakar
260 _aNew Delhi
_bVikas
_c1989
300 _a161p.
365 _aINR
_b150.00
925 _g150.00
942 _cTEXL
_hS5. 2, N39
999 _c1456759
_d1456759